000 01234nam a2200289 i 4500
001 bg
245 0 0 _aKonwencja w sprawie transgranicznych skutków awarii przemysłowych /
_cpod red. Stanisława Wajdy i Janusza Żurka ; [tł. z ang. Janusz Żurek] ; Instytut Ochrony Środowiska.
260 _aWarszawa :
_bAgencja Informacyjna GEA,
_c[1993].
300 _a48 s. ;
_c24 cm.
490 1 _aKonwencje Międzynarodowe i Uchwały Organizacji Międzynarodowych ;
_vz. 1
500 _aNieoficjalne tł. dokumentu Europejskiej Komisji Gospodarczej ONZ oznaczonego sygn. E/ECE/1268.
610 2 9 _aOrganizacja Narodów Zjednoczonych
_tEuropejska Komisja Gospodarcza
_xprawo
650 9 _aKatastrofy
_xprawo
_zEuropa
650 9 _aPrzemysł
_xbezpieczeństwo
_xprawo
_zEuropa
650 9 _aŚrodowisko człowieka
_xochrona
_xprawo
_zEuropa
650 9 _aUmowy międzynarodowe gospodarcze
655 _aŹródła
700 1 _aWAJDA, Stanisław.
_eRed.
830 _aKonwencje Międzynarodowe i Uchwały Organizacji Międzynarodowych ;
020 _a8390086336
040 _cBPK
041 1 _apl
_hen
080 _a341.24:349.6:628.5](4)(094.2)
920 _a83-900863-3-6
942 _cKS
008 s pl f |000 0 pol
999 _c32259
_d32259
856 _uhttp://koha.tu.koszalin.pl/cgi-bin/koha/opac-detail.pl?biblionumber=32259
_yKatalog online BPK